Historia de una fortaleza (Record no. 183807)

MARC details
000 -LEADER
campo de control de longitud fija 01285nam a2200301 i 4500
001 - NÚMERO DE CONTROL
campo de control 183807
003 - IDENTIFICADOR DE NÚMERO DE CONTROL
campo de control ES-MaACL
005 - FECHA Y HORA DE LA ÚLTIMA TRANSACCIÓN
campo de control 20250929063302.0
008 - DATOS DE LONGITUD FIJA--INFORMACIÓN GENERAL
campo de control de longitud fija 141029r2014 sp abce| |||||||| |dspa d
020 ## - NÚMERO INTERNACIONAL ESTÁNDAR DEL LIBRO
Número Internacional Estándar del Libro 978-84-941796-5-5
080 ## - NÚMERO DE LA CLASIFICACIÓN DECIMAL UNIVERSAL
Número de la Clasificación Decimal Universal 725.182(44)(091)
100 1# - ENTRADA PRINCIPAL--NOMBRE DE PERSONA
Nombre de persona Viollet-Le-Duc, Eugène Emmanuel,
Fechas asociadas al nombre 1814-1879
9 (RLIN) 133788
245 10 - MENCIÓN DEL TÍTULO
Título Historia de una fortaleza
Resto del título = Histoire d'une forteresse /
Mención de responsabilidad, etc. Eugène-Emmanuel Viollet-le-Duc ; introducción, Fernando Vela Cossío ; traducción, Jesús Sánchez Maza.
246 31 - FORMA VARIANTE DEL TITULO
Título propio/Titulo breve Histoire d'une forteresse
260 ## - PUBLICACIÓN, DISTRIBUCIÓN, ETC.
Lugar de publicación, distribución, etc. Madrid :
Nombre del editor, distribuidor, etc. La Ergástula,
Fecha de publicación, distribución, etc. D.L. 2014.
300 ## - DESCRIPCIÓN FÍSICA
Extensión L, 260 p. :
Otras características físicas il., mapas, planos ;
Dimensiones 24 cm.
500 ## - NOTA GENERAL
Nota general Eugène Emmanuel Viollet-le-Duc: cronología, en p. XLIX.
504 ## - NOTA DE BIBLIOGRAFÍA, ETC.
Nota de bibliografía, etc. Referencias bibliográficas.
534 ## - NOTA SOBRE LA VERSIÓN ORIGINAL
Frase introductoria 1ª ed., en francés:
Publicación, distribución, etc. del original Paris: J. Herzelk et Cie, 1874 (
Mención de serie del original Bibliothèque d'éducation)
650 #7 - PUNTO DE ACCESO ADICIONAL DE MATERIA--TÉRMINO DE MATERIA
Término de materia o nombre geográfico como elemento de entrada Arquitectura militar-
Subdivisión geográfica Francia.
9 (RLIN) 155807
700 1# - ENTRADA AGREGADA--NOMBRE PERSONAL
Nombre de persona Vela Cossío, Fernando.
9 (RLIN) 113683
700 1# - ENTRADA AGREGADA--NOMBRE PERSONAL
Nombre de persona Sánchez Maza, Jesús.
9 (RLIN) 155808
852 ## - LOCALIZACIÓN
Ubicación ES-MaACL
Número de control de estantería A-13286
itemnumber 190762
Sublocalización o colección R.150175
Ubicación en estantería Depósito 1
Signatura antigua Olim: N-6286
Donativo/Legado Donación: Fernando Vela Cossío
903 ## - NOMBRE PERSONAL DE DONANTE
9 113683
a Vela Cossío, Fernando
e Donante
942 ## - ELEMENTOS DE ENTRADA SECUNDARIOS (KOHA)
Fuente del sistema de clasificación o colocación Clasificación decimal universal
Tipo de ítem Koha Libro impreso
Holdings
Estatus retirado Estado de pérdida Fuente del sistema de clasificación o colocación Estado de daño No para préstamo Biblioteca de origen Biblioteca actual Ubicación en estantería Fecha de adquisición Fuente de adquisición Total de préstamos Signatura topográfica completa Código de barras Visto por última vez Precio de reemplazo Tipo de ítem Koha
    Clasificación decimal universal     Biblioteca del Ateneo de Madrid Biblioteca del Ateneo de Madrid Depósito 1 29/10/2014 Donación   A-13286 1193315 23/02/2023 23/02/2023 Libro impreso